| 000 | 00403pab a2200157 454500 | ||
|---|---|---|---|
| 008 | 180718b1976 xxu||||| |||| 00| 0 eng d | ||
| 100 | _aVohra, N.N. | ||
| 245 | _aPlanned urban development: Problems and prospects | ||
| 260 | _c1976 | ||
| 300 | _ap.651-655. | ||
| 362 | _aOct-Dec | ||
| 650 | _aUrban development | ||
| 773 | _aIndian Journal of Public Administration | ||
| 908 | _aN | ||
| 909 | _a88181 | ||
| 999 |
_c88181 _d88181 |
||